000 00210nam a2200121Ia 4500
100 _a#N/A
942 _cBK
654 _aABROAD
245 _aStudy Abroad
260 _b#N/A
546 _aENGLISH
999 _c23053
_d23053